Précis de droit international privé (Registro nro. 309862)
[ vista simple ]
| 000 -ENCABEZADO | |
|---|---|
| Número de control [NR] | 02027cam a22002897i 4500 |
| 005 - FECHA Y HORA DE LA ÚLTIMA TRANSACCIÓN | |
| control field | 20180510145551.0 |
| 008 - DE LONGITUD FIJA DE DATOS DE ELEMENTOS - INFORMACIÓN GENERAL | |
| Elementos de longitud fija [NR] | 990812s1937 fr fr 001 0 fre d |
| 040 ## - FUENTE DE CATALOGACION [NR] | |
| Agencia de catalogación original [NR] | Co-BoUCM |
| Quien Cataloga | Sandra Yazo |
| Quien Clasifica | Sandra Yazo |
| 041 0# - CODIGO DE IDIOMA [R] | |
| Código de idioma para texto/pista de sonido o título separado [R] | Francés |
| 084 04 - OTRO NUMERO DE CLASIFICACION [R] | |
| Número clasificador [R] | 340.9 |
| 092 ## - SIGNATURA TOPOGRAFICA LOCAL | |
| Número de clasificación local | E46N005 |
| 100 1# - ASIENTO PRINCIPAL--NOMBRE PERSONAL [NR] | |
| Nombre personal [NR] | Lerebours-Pigeonnière, Paul |
| ID Autoridad | 92415 |
| 242 00 - TRADUCCION DEL TITULO POR LA AGENCIA CATALOGADORA [R] | |
| Título [NR] | Compendio de Derecho Internacional privado |
| Mención de responsabilidad, etc. [NR] | por Pablo Lerebours - Pigeonnière |
| Código de idioma del título traducido [NR] | spa |
| 245 10 - MENCION DE TITULO [NR] | |
| Título [NR] | Précis de droit international privé |
| Mención de responsabilidad, etc. [NR] | par Paul Lerebours - Pigeonnière |
| 250 ## - MENCION DE EDICION [NR] | |
| Mención de edición [NR] | Troisième édition [Tercera edición] |
| 260 ## - PUBLICACION, DISTRIBUCION, ETC. (PIE DE IMPRENTA) [R] | |
| Lugar de publicación, distribución, etc. [R] | París (Francia) |
| Nombre del editor, distribuidor, etc. [R] | Librairie Dalloz [Librería Dalloz] |
| Fecha de publicación, distribución, etc. [R] | 1937 |
| 300 ## - DESCRIPCION FISICA [R] | |
| Extensión [R] | viii, 514 páginas. |
| Dimensiones [R] | 18 x 11 cm. |
| 490 0# - MENCION DE SERIE [R] | |
| Mención de serie [R] | Petits Précis Dalloz [Breves compendios Dalloz] |
| 500 ## - NOTA GENERAL [R] | |
| Nota general [NR] | Detalles físicos: Encuadernación rígida de calidad (holandesa) en cartón duro forrado en papel jaspeado. Lomo de cuero (negro), nervaduras sobre costuras y adornos en dorado. Guardas. Hoja de cortesía. Anteportada. Portada impresa en una sola tinta. Texto impreso en una sola columna, con diversos tipos y tamaños de letra. Párrafos numerados. Notas de pie de página. Cuadros. Índices (en papel de otros colores) |
| 505 0# - NOTA DE CONTENIDO CON FORMATO PREESTABLECIDO [R] | |
| Nota de contenido con formato preestablecido [NR] | Introducción ; Parte 1 – 3: La nacionalidad ; Generalidades ; Adquisición de la nacionalidad francesa ; Influjo del matrimonio en la nacionalidad de la esposa ; Pérdida de la nacionalidad francesa ; La nacionalidad de los extranjeros -- La condición de extranjería ; Los extranjeros ordinarios ; Las personas morales en el derecho internacional privado -- Conflicto de leyes y de jurisdicciones ; Principios generales que regulan estos conflictos ; Principios que regulan los conflictos de carácter judicial ; Aplicación de las normas generales |
| 506 ## - NOTA DE RESTRICCIONES DE ACCESO [R] | |
| Condiciones de acceso [NR] | Consulta en sala |
| 546 ## - NOTA DE IDIOMA [R] | |
| Nota de idioma [NR] | Texto en francés |
| 650 #7 - ASIENTO SECUNDARIO DE MATERIA - TERMINO TEMATICO [R] | |
| Término temático o nombre geográfico como elemento de entrada [NR] | Derecho internacional privado |
| 9 (RLIN) | 7497 |
| 650 #7 - ASIENTO SECUNDARIO DE MATERIA - TERMINO TEMATICO [R] | |
| Término temático o nombre geográfico como elemento de entrada [NR] | Personas (Derecho internacional) |
| 9 (RLIN) | 21425 |
| 690 ## - ASUNTO AGREGADO LOCAL DE ENTRADA - TÉRMINO TEMÁTICO (OCLC, RLIN) | |
| Acceso temático local | Derecho internacional |
| 9 (RLIN) | 12776 |
| 942 ## - ELEMENTOS DE ENTRADA AGREGADOS (KOHA) | |
| Tipo de ítem principal el descrito en 300a | Libro |
| Edición | 3 |
| Sistema de clasificación | LOCAL |
| Clasificación | E46N005 |
| Suprimido | Perdido | Sistema de clasificación | Dañado | No prestable | Tipo de ítem específico | Ubicación habitual | Ubicación actual | Localización | Fecha de creación | Forma de adquisición | Costo | Total préstamos | Signatura topográfica | Código de barras | Última vez visto | Ejemplar | Price effective from | Tipo de ítem |
|---|---|---|---|---|---|---|---|---|---|---|---|---|---|---|---|---|---|---|
| LOCAL | Libro archivo | Archivo Histórico | Archivo Histórico | Archivo histórico | 10/05/2018 | Donación | 0.00 | E46N005 | L006557 | 10/05/2018 | Ej.1 | 10/05/2018 | Libro |